00474nam a22001337a 4500008004100000020002200041040005500063080001700118245011700135260003300252300001300285650001200298700003000310230609b |||||||| |||| 00| 0 eng d a978-90-481-9916-7 aNational Science LibrarycNational Science Library a627.516 bQ1 aFlood risk assessment and management: bHow to specify hydrological loads, their consequences and uncertainties  aNew York: bSpringer, c2011 ax, 279p. aScience aSchumann, Andreas H (Ed.)